| 000 | 00450nam a22001457a 4500 | ||
|---|---|---|---|
| 020 | _a9789693501872 | ||
| 040 | _cNUST University | ||
| 082 |
_221st _a801.953 _bDEH |
||
| 100 |
_aدہلوی،مرزا فرحت اللہ بیگ _9129323 |
||
| 245 | _aدہلی کا ایک یادگار سفر/ | ||
| 260 |
_aلاہور _bسنگ میل, _cc2015 |
||
| 300 |
_a164p. _c25cm. |
||
| 440 |
_aدہلی کا ایک یادگار سفر _9129324 |
||
| 942 |
_2ddc _cBK |
||
| 999 |
_c614028 _d614028 |
||